NPB 日本プロ野球 2024年オールスター選手 - Statistics

General Stats
  • This quiz has been taken 403 times
  • The average score is 40 of 66
Answer Stats
選抜方式 チーム 選手名 % Correct
ファン投票・選手間投票 ヤクルト 村上宗隆
91%
監督選抜 ロッテ 岡大海
91%
ファン投票・選手間投票 DeNA 牧秀悟
88%
監督選抜 読売 丸佳浩
87%
ファン投票・選手間投票 読売 岡本和真
81%
監督選抜 ロッテ 佐藤都志也
81%
ファン投票・選手間投票 日本ハム 万波中正
80%
ファン投票・選手間投票 ソフトバンク 近藤健介
79%
ファン投票・選手間投票 阪神 近本光司
78%
監督選抜 阪神 中野拓夢
77%
ファン投票 日本ハム A. マルティネス
77%
ファン投票 中日 R. マルティネス
77%
監督選抜 読売 山﨑伊織
75%
ファン投票・選手間投票 日本ハム 山﨑福也
75%
ファン投票 阪神 才木浩人
73%
選手間投票 ソフトバンク 山川穂高
73%
ファン投票・選手間投票(辞退) ソフトバンク 柳田悠岐
70%
補充選手 DeNA T. オースティン
70%
監督選抜 中日 髙橋宏斗
69%
ファン投票・選手間投票 中日 細川成也
69%
選手間投票 ヤクルト D. サンタナ
69%
監督選抜 DeNA 東克樹
67%
選手間投票 読売 戸郷翔征
65%
ファン投票 日本ハム 田中正義
65%
選手間投票 西武 源田壮亮
65%
ファン投票・選手間投票 ヤクルト 長岡秀樹
64%
補充選手 ソフトバンク 周東佑京
64%
監督選抜 楽天 辰己涼介
64%
プラスワン DeNA 度会隆輝
63%
ファン投票(辞退) 西武 中村剛也
63%
監督選抜 広島 坂倉将吾
62%
監督選抜 広島 小園海斗
61%
監督選抜 DeNA 宮﨑敏郎
60%
監督選抜 広島 大瀬良大地
59%
ファン投票・選手間投票 DeNA 山本祐大
59%
ファン投票・選手間投票 日本ハム 田宮裕涼
59%
ファン投票 阪神 岩崎優
58%
選手間投票 ソフトバンク 栗原陵矢
57%
ファン投票(辞退) 日本ハム 水野達稀
57%
ファン投票 日本ハム 上川畑大悟
56%
ファン投票(辞退) DeNA 筒香嘉智
55%
監督選抜 ソフトバンク 松本裕樹
55%
監督選抜 西武 今井達也
55%
監督選抜 広島 秋山翔吾
54%
監督選抜 ソフトバンク 有原航平
54%
補充選手(辞退) オリックス 太田椋
54%
プラスワン 日本ハム 水谷瞬
54%
選手間投票 西武 外崎修汰
52%
選手間投票 ロッテ G. ポランコ
52%
監督選抜 広島 床田寛樹
51%
監督選抜 オリックス 紅林弘太郎
51%
監督選抜 阪神 桐敷拓馬
50%
監督選抜 ロッテ 鈴木昭汰
50%
ファン投票 日本ハム 郡司裕也
50%
補充選手 楽天 鈴木大地
50%
監督選抜 中日 松山晋也
48%
監督選抜 楽天 則本昂大
47%
監督選抜 DeNA 森原康平
41%
ファン投票 日本ハム 河野竜生
41%
監督選抜 ヤクルト 吉村貢司郎
38%
補充選手 オリックス A. マチャド
38%
監督選抜 楽天 藤井聖
35%
監督選抜 ヤクルト 大西広樹
33%
監督選抜 オリックス A. エスピノーザ
33%
監督選抜 ソフトバンク 大津亮介
28%
監督選抜 ロッテ C. C. メルセデス
21%
No matching quizzes found
Score Distribution
Percent of People with Each Score
Percentile by Number Answered
Your Score History
You have not taken this quiz